000 00706nam a2200253Ia 4500
003 OSt
005 20221006144633.0
006 a|||||r|||| 00| 0
007 ta
008 221006b |||||||| |||| 00| 0 eng d
020 _c
_10.50
024 _a12,204
037 _cTextual
040 _aEASL
_cEASL
_beng
041 _2eng
_aeng
082 _aV410gR8412.N1, K6
100 _aSHRYOCK Jhon K
_9652486
245 0 _aOrigin and development of the state cult of confucius
_b An introductory study
260 _aNew York
_bParagon Book
_c1966
300 _a298p.
_ccm.
650 _aCEL
942 _hV410gR8412.N1, K6
_cTEXL
_2CC
999 _c1080290
_d1080290